Anime/manga - Statistics

General Stats
  • This quiz has been taken 81 times
  • The average score is 5 of 7
Answer Stats
Hint Answer % Correct
Another white haired guy who kills people with a yoyo, owns a skateboard (Hunter x Hunter) Killua Zoldyck
91%
A white haired ninja who imitates others' techniques (Naruto) Kakashi Hatake
85%
Can make fire with his hands (One Piece) Ace
79%
Owns a pet snake that helps him see (Demon Slayer) Obanai Iguro
73%
Can magically change her clothes, fights with different weapons (Fairy Tail) Erza Scarlet
59%
Doctor who enjoys torturing monsters with different poisons (Demon Slayer) Shinobu Kocho
39%
Lures people into his "temple" to eat them (Demon Slayer) Doma
30%
No matching quizzes found
Score Distribution
Percent of People with Each Score
Percentile by Number Answered
Your Score History
You have not taken this quiz